Quizzes
Events
Quiz Creation
Community
Videos
Private Events
Remove Ads
Sign In
Join for FREE
Feedback
Dark Mode
Quiz Categories
Sports
Geography
Music
Movies
Television
Just For Fun
Miscellaneous
History
Literature
Language
Science
Gaming
Entertainment
Religion
Holiday
For Kids
Quiz Lab
Recent
Popular Today
Quiz Kudos Today
Editor Picks
Curator Picks
Quizzes by...
Day
Popularity
Type
Ratings
Length
Year
Community
Subscriptions
Recent Discussions
Orange Saloon
Badges
Playlists
Quests
Create
Leaderboards
Showdown
Live 5
Trivia Bingo
Activity
Puzzle Library
Sporcle Events
Private Events
Virtual Trivia
Globe League
Become a Host
Pub Owners
SporcleCon
Opinionation
Our Games
Videos
Blog
Mobile Apps
Partnerships
Remove Ads and Go Orange
Feedback
Movies
Disney
Marvel Cinematic Universe
Movie Resume
Movie Titles
Oscar
Actor
Actress
Director
Pixar
Role
Movie Quotes
Movie Characters
Box Office
Nominee
Best Picture
Star Wars
James Bond
Horror Movies
Movies
Disney
Marvel Cinematic Universe
Movie Resume
Movie Titles
Oscar
Actor
Actress
Director
Pixar
Role
Movie Quotes
Movie Characters
Box Office
Nominee
Best Picture
Star Wars
James Bond
Horror Movies
Random Quiz
Search Sporcle
×
Quiz Lab
Quiz Lab
Movies
Disney Songs
Type in answers that appear in a list
Type in answers that appear in a list
Classic
Best Score? Go Orange.
Steady as the beating drum lyrics Stats
Can you name the Steady as the beating drum lyrics?
By
netlis
10m
97 Questions
81 Plays
81 Plays
81 Plays
Comments
Comments
Give Quiz Kudos
Give Quiz Kudos
-
- Ratings
hide this ad
More Info
Replay
Link that replays current quiz
Next Quiz
Link to next quiz in quiz playlist
You Got
0%
They Got
Avg Score
64%
Avg Friend Score
Upgrade to see
Score Distribution
Jump to the score distribution portion of the page
Score
0/97
Timer
10:00
0
Plays Today
Answer
% Correct
the
97.5%
the
97.5%
the
97.5%
the
97.5%
the
97.5%
the
97.5%
the
97.5%
the
97.5%
the
97.5%
the
97.5%
the
97.5%
the
97.5%
the
97.5%
Steady
96.3%
as
96.3%
beating
96.3%
drum
96.3%
Steady
96.3%
as
96.3%
beating
96.3%
drum
96.3%
Steady
96.3%
as
96.3%
beating
96.3%
drum
96.3%
and
81.5%
and
81.5%
and
81.5%
and
81.5%
and
81.5%
go
74.1%
go
74.1%
come
72.8%
Answer
% Correct
come
72.8%
Seasons
71.6%
seasons
71.6%
Seasons
71.6%
seasons
71.6%
to
65.4%
our
65.4%
our
65.4%
our
65.4%
to
65.4%
to
65.4%
to
65.4%
fruit
60.5%
All
60.5%
Help
60.5%
us
60.5%
ancient
60.5%
all
60.5%
corn
59.3%
mother
59.3%
hear
59.3%
gives
58%
keep
58%
Keep
58%
Where
56.8%
song
56.8%
earth
55.6%
ways
55.6%
Singing
54.3%
bear
54.3%
Spirit
54.3%
in
53.1%
in
53.1%
Answer
% Correct
strong
51.9%
Oh
50.6%
flute
49.4%
By
49.4%
lives
49.4%
sacred
49.4%
cedar
48.1%
mighty
48.1%
sturgeon
48.1%
fire
48.1%
Great
46.9%
Bring
45.7%
days
45.7%
squash
44.4%
waters
43.2%
clean
43.2%
Plant
43.2%
reap
43.2%
seed
43.2%
sweet
42%
bean
42%
Walk
39.5%
Plum
35.8%
plum
35.8%
bud
30.9%
balance
29.6%
Hega
0%
hega
0%
Ya-
hi-
ye-
hega
0%
Ya-
hi-
ye-
ne-
he
0%
hega
0%
Quiz Playlist
Details
Report
Send in Message
Add To Playlist
More Info:
Can you name all the lyrics to Pocahontas's Steady as the beating drum-song?
Classic:
Type in answers that appear in a list
Last Updated: Mar 3, 2017
Quiz Scoreboard
CHALLENGE
Sign Up to Join the Scoreboard
Show All
Scores
Hide
Comments
May contain spoilers
Recently Published
An Introduction to Baseball
by treessimontrees
Sports
5m
Movies - When Are They Set?
by FPL_Elf
Movies
5m
Popular People in 1961
by mucciniale
History
6m
More to Explore
Quiz From the Vault
Featured Blog Post
Where Did the Easter Bunny Come From?
hide this ad
You Might Also Like...
Tags
Disney Films
Disney Lyrics
Disney Songs
pocahontas
Walt Disney
Today's Top Quizzes in Movies
Browse Movies
hide this ad
Today's Top Quizzes in Disney Songs
Browse Disney Songs
Top Contributed Quizzes in Movies
1
Pick 5 Posters: Directed by Spielberg
2
Multi-Oscar Nominations, One Movie, One Winner
3
12 Movies about Fictional 1960s Events
4
One Thing in Common: Movies
5
Sunday Crossword: Film Score Composers
6
One Thing in Common: Movies II
7
Pick 5 Posters: Lowest-Rated Spielberg
8
Three Word 'H' Movies Match Up
9
Three Word 'T' Movies Match Up
10
7-to-1: Pixar Characters
Explore More
Trending Topics
Harry Potter
Marvel
Kpop
NBA
Disney
Anime
Crossword
WWE
Soccer
Song
Pokémon
NFL
The Office
Puzzle
Country
hide this ad
More By:
netlis
Quiz
Plays
Rating
Category
Featured
Created
UNDER THE SEA LYRICS
1,141
3.50
Movies
Mar 3, 2017
lyrics of Pocahontas's Savages, savages
543
5.00
Movies
Mar 1, 2017
Bare necessites lyrics?
235
5.00
Movies
Mar 4, 2017
Steady as the beating drum lyrics
81
Movies
Mar 3, 2017
Go to Creator's Profile
Score Distribution
Quiz Creator Spotlight
netlis
Follow
Send a Message
Quizzes Created
-
Created Quiz Play Count
-
More By This Creator
Popular Quizzes Today
1
Find the Countries of Europe - No Outlines Minefield
2
Find the US States - No Outlines Minefield
3
The Countries of the World
4
Popular People in 1961
5
US States
6
1-10 Letter E Words III
7
Find the US States
8
One Thing in Common: World Cities II
More Movies Quizzes
Pixar Character Sorting IV
Quiz Lab
Trending Quizzes
Risky Map Clicking: Least Populous States A-Z
1-10 Letter F Words
1-10 Letter G Words
One Thing in Common: United Kingdom
Risky Map Clicking: Next State Alphabetically
Recently Updated
Leaping Animals
pecheneg
Reality TV Shows (A-Z)
bhenderson79
Rickey Henderson's Hall of Fame Teammates
pecheneg
Champions League XIs: Arsenal
pecheneg
Quick Pick: Celebrities in WWE's Hall of Fame
aduchscher
A-Z Keypad Blitz II
pecheneg
Multiple Oscar Actors
pecheneg
Mystery Phrase Blitz: Oscar 'Best Actors'
pecheneg
F. Scott Fitzgerald Novels
LTH
Pick 3 Villains
ddd62291
Trending Topics
Kpop
Harry Potter
Anime
Crossword
NBA
Marvel
Disney
Pokémon
Puzzle
Country
Song
WWE
Soccer
The Office
NFL
Your Account Isn't Verified!
In order to create a playlist on Sporcle, you need to verify the email address you used during registration. Go to your
Sporcle Settings
to finish the process.
Report this User
Report this user for behavior that violates our
Community Guidelines
.
Details:
Send Report
Go to the Sporcle.com Mobile Site →
Comments